| 000 | 00702nam a2200229 a 4500 | ||
|---|---|---|---|
| 001 | 000042262 | ||
| 003 | OSt | ||
| 005 | 20201002040034.0 | ||
| 008 | 131121s1964 sp r 000 0 spa d | ||
| 040 |
_aDO-SdBNP _bspa _cBNPHU |
||
| 082 |
_axxx _bC124 |
||
| 245 | 0 | 0 |
_aActas de las Cortes de Cádiz : _bantología / _cdirigida por Enrique Tierno Galván. |
| 260 |
_aMadrid : _bTaurus, _c1964. |
||
| 300 |
_av. 2 ; _c22 cm. |
||
| 490 | 1 |
_aBiblioteca política taurus _v7/2 |
|
| 500 | _aLa biblioteca posee el volumen 2. | ||
| 590 | _aInventariado, 2019/BT | ||
| 700 | 1 | 2 |
_aTierno Galván, Enrique _931524 |
| 830 | 0 |
_aBiblioteca política taurus _n7/2 _969294 |
|
| 910 | _aEn proceso | ||
| 942 |
_2ddc _cLF1 |
||
| 999 |
_c41751 _d41751 |
||